Statistics for Do-Wops & Hooligans Tracklist (Bruno Mars)

Click here to take the quiz!

General Stats

  • This quiz has been taken 30 times
  • The average score is 9 of 11

Answer Stats

HintAnswer% Correct
1Grenade
100%
7Talking To The Moon
100%
9Count on Me
94%
6Marry You
94%
4Runaway Baby
94%
5The Lazy Song
94%
8Liquor Store Blues
(feat. Damian Marley)
83%
2Just The Way You Are
78%
10The Other Side
(feat. CeeLo Green and B.o.B.)
78%
3Our First Time
72%
11Somewhere in Brooklyn
39%

Score Distribution

Percentile by Number Answered

Percent of People with Each Score

Your Score History

You have not taken this quiz